000 00491 a2200169 4500
003 OSt
005 20240203153141.0
008 231107b |||||||| |||| 00| 0 eng d
020 _a9789391938581
040 _coclc
082 _a956.04
_bSHY/F
100 _aShyju, M S
_99849
245 _aFalastine: Theruvil nirthappetta janatha /
_cM S Shyju
260 _aKerala:
_bYuvatha book house,
_c2021.
300 _a172p
942 _2ddc
_cBK
_h956.04
_iSHY/F
_k956.04
_mSHY/F
999 _c42854
_d42854